Методы, технология и организация буровых работ с использованием съемного инструмента

Dettagli Bibliografici
Altri autori: Онищин В. П., Блинов Г. А., Вартыкян В. Г., Плавский Д. Н.
Lingua:russo
Pubblicazione: Ленинград, Недра, 1990
Soggetti:
Natura: Libro
KOHA link:https://koha.lib.tpu.ru/cgi-bin/koha/opac-detail.pl?biblionumber=77226

MARC

LEADER 00000nam0a2200000 4500
001 77226
005 20231031092517.0
010 |a 5247005279 
035 |a (RuTPU)RU\TPU\book\82807 
090 |a 77226 
100 |a 20050516d1990 k y0rusy50 ca 
101 0 |a rus 
102 |a RU 
105 |a a z 001zy 
200 1 |a Методы, технология и организация буровых работ с использованием съемного инструмента  |f В. П. Онищин, Г. А. Блинов, В. Г. Вартыкян, Д. Н. Плавский 
210 |a Ленинград  |c Недра  |d 1990 
215 |a 268 с.  |c ил. 
320 |a Библиогр.: с. 263-266. 
610 1 |a буровое оборудование 
610 1 |a буровое дело 
610 1 |a скважины 
610 1 |a бурение 
610 1 |a методы 
610 1 |a технология 
675 |a 622.24.05  |v 3 
701 1 |a Онищин  |b В. П. 
701 1 |a Блинов  |b Г. А. 
701 1 |a Вартыкян  |b В. Г. 
701 1 |a Плавский  |b Д. Н. 
801 1 |a RU  |b 63413507  |c 20050516  |g PSBO 
801 2 |a RU  |b 63413507  |c 20070611  |g PSBO 
942 |c BK